000 00918nam a22002897a 4500
001 5078
003 FISKH
005 20241105095337.0
008 241105b cb ||||| |||| 00| 0 eng d
020 _a9780545330206
040 _aFISKH
_beng
_cFISKH
_dFISKH
082 _a416
100 _aYork, Vanessa
_d(1970-)
245 _aLet's go! /
_cby Vanessa York illustrated by Paul Meisel
250 _aPublished in 2011
260 _aNew York :
_bScholastic,
_c2011.
300 _a8 pages :
_bColor illustrations ;
_c19 cm
505 _aA
520 _aSimple text and illustrations present various types of transportation a family of raccoons can use to get to grandmas house.
521 8 _a10L
_bLexile
521 8 _aA
_bRaz-Plus
650 _2Independent
_aLevel A BOOK SETS
650 _2Repeated text
_aTransportation
700 _aMeisel, Paul
_dIllustrator
942 _2ddc
_cBK
_n0
999 _c5078
_d5078